书目信息 |
| 题名: |
中国哲学史论
|
|
| 作者: | 任继愈 著 | |
| 分册: | ||
| 出版信息: | 上海 上海人民出版社 1981.06 |
|
| 页数: | 555页 | |
| 开本: | 20cm | |
| 丛书名: | ||
| 单 册: | ||
| 中图分类: | B2 | |
| 科图分类: | ||
| 主题词: | 哲学--中国 | |
| 电子资源: | ||
| ISBN: | ||
| 000 | 00490nam0 2200193 45 | |
| 001 | 0312090925 | |
| 005 | 20060816093051.25 | |
| 010 | @dCNY1.70 | |
| 091 | @a2074.372 | |
| 100 | @a20031209d1981 km y0chiy0120 ea | |
| 101 | 0 | @achi |
| 200 | 1 | @a中国哲学史论@AZhong Guo Zhe Xue Shi Lun@f任继愈著@FRen Ji Yu Zhu |
| 210 | @a上海@c上海人民出版社@d1981.06 | |
| 215 | @a555页@d20cm | |
| 606 | 0 | @a哲学@x中国 |
| 690 | @aB2@v3 | |
| 701 | 0 | @a任继愈@4著 |
| 801 | @aCN@bTSTC@c20060816 | |
| 905 | @dB2@e12 | |
| 中国哲学史论/任继愈著.-上海:上海人民出版社,1981.06 |
| 555页;20cm |
| ISBN :CNY1.70 |
| ● |
| 相关链接 |
|
|
|
|
正题名:中国哲学史论
索取号:B2/12
 
预约/预借
| 序号 | 登录号 | 条形码 | 馆藏地/架位号 | 状态 | 备注 |
| 1 | 0060410 | 001122564 | 密集书库/ [索取号:B2/12] | 在馆 | |
| 2 | 0060411 | 202390661 | 密集书库/ [索取号:B2/12] | 在馆 | |
| 3 | 0060412 | 001921086 | 密集书库/ [索取号:B2/12] | 在馆 | |
| 4 | 0060413 | 001529787 | 密集书库/ [索取号:B2/12] | 在馆 | |
| 5 | 0060414 | 001529778 | 密集书库/ [索取号:B2/12] | 在馆 | |
| 6 | 0060415 | 001662855 | 密集书库/ [索取号:B2/12] | 在馆 | |
| 7 | 0060416 | 001122573 | 密集书库/ [索取号:B2/12] | 在馆 | |
| 8 | 0060417 | 202191172 | 密集书库/ [索取号:B2/12] | 在馆 | |
| 9 | 0149883 | 001123876 | 密集书库/ [索取号:B2/12] | 在馆 | |
| 10 | 0149884 | 001123867 | 密集书库/ [索取号:B2/12] | 在馆 | |
| 11 | 0172484 | 002048901 | 第一样本阅览室/ [索取号:B2/12] | 在馆 | |
| 12 | 0459980 | 204599808 | 密集书库/ [索取号:B2/12] | 在馆 | |
| 13 | 0459981 | 204599817 | 密集书库/ [索取号:B2/12] | 在馆 | |
| 14 | 0464798 | 204647980 | 密集书库/ [索取号:B2/12] | 在馆 |